| 000 | 00665nam a22002297a 4500 | ||
|---|---|---|---|
| 005 | 20260417132818.0 | ||
| 008 | 260417b |||||||| |||| 00| 0 eng d | ||
| 020 |
_a978-93-91527-86-0 _c180 |
||
| 040 | _aMAIN | ||
| 041 | _aasm | ||
| 082 |
_a301 _bBOR |
||
| 100 |
_aBorah, R. _qDr. Rajen |
||
| 245 |
_aসমাজতত্ত্ৱ পৰিচয় Samajtattwa Porichay _bIntroduction to Sociology |
||
| 250 | _a2nd Revised Ed. | ||
| 260 |
_aJorhat _bBidya Bhawan _c2025 |
||
| 300 |
_a176 p. ; _c14 x 22 cm |
||
| 505 | _a2nd Semester Major NEP | ||
| 650 | _aSociology | ||
| 700 | _bBorah, Akhil | ||
| 700 | _bBoruah, Pankaj | ||
| 942 |
_2ddc _cBK |
||
| 999 |
_c16364 _d16364 |
||